| 000 | 01125nam a22002537a 4500 | ||
|---|---|---|---|
| 005 | 20170124103058.0 | ||
| 010 | _aB-072509 | ||
| 020 |
_c200.00 _a8170165296 |
||
| 035 | _aB-072509 | ||
| 037 | _bCen Lib/Ret | ||
| 040 |
_aDPL _bHN |
||
| 082 |
_a921 _bबेनीपु |
||
| 100 |
_aबेनीपुरी, श्रीरामवृक्ष _944426 |
||
| 245 |
_aजयप्रकाश नारायण : _cश्रीरामवृक्ष बेनीपुरी _bएक जीवनी |
||
| 246 |
_aJayprakash Narayan : ek jeevani / _bby Shriramvriksh Benipuri |
||
| 260 |
_aनई दिल्ली _bकिताबघर प्रकाशन _c2002 |
||
| 270 |
_a24, अंसारी रोड, दरियागंज _bनई दिल्ली _e110002 |
||
| 300 |
_a207पृ. _c20सेमी(सजिल्द) |
||
| 650 |
_aहिन्दी साहित्य _975757 |
||
| 650 |
_aहिन्दी -- जीवनी _9779 |
||
| 650 |
_aHindi literature _975758 |
||
| 650 |
_aHindi - Biography _975759 |
||
| 942 |
_2ddc _cHN _h921 _mबेनीपु |
||
| 999 |
_c117618 _d117618 |
||